000
00293nam a2200121Ia 4500
008
231120s2019 xx 000 0 und d
041
_a
eng
082
_a
751.42
100
_a
JANE BETTERIDGE
245
_a
DYNAMIC WATERCOLOURS
260
_a
SEARCH PRESS
_b
SEARCH PRESS
_c
2019
300
_a
P-144
999
_c
933332
_d
933332